LIBRARY & INFORMATION CENTRE, KCAET, TAVANUR

ONLINE PUBLIC ACCESS CATALOGUE (OPAC)

Fundamentals of vacuum tubes / (Record no. 10658)

MARC details
000 -LEADER
fixed length control field 00377cam a2200145ua 4500
003 - CONTROL NUMBER IDENTIFIER
control field OSt
008 - FIXED-LENGTH DATA ELEMENTS--GENERAL INFORMATION
fixed length control field 250106b |||||||| |||| 00| 0 eng d
041 ## - LANGUAGE CODE
Language code of text/sound track or separate title eng
082 ## - DEWEY DECIMAL CLASSIFICATION NUMBER
Classification number 621.381512
Item number EAS/FU
100 ## - MAIN ENTRY--AUTHOR NAME
Personal name Eastman, Austin V .
245 ## - TITLE STATEMENT
Title Fundamentals of vacuum tubes /
260 ## - PUBLICATION, DISTRIBUTION, ETC. (IMPRINT)
Place of publication New York :
Name of publisher McGraw Hill Book Company ,
Year of publication 1949.
300 ## - PHYSICAL DESCRIPTION
Number of Pages 644 ; .
942 ## - ADDED ENTRY ELEMENTS (KOHA)
Koha item type Books
Holdings
Withdrawn status Lost status Damaged status Home library Current library Date acquired Full call number Accession Number Koha item type
      KAUAET KAUAET 07/04/2012 621.381512 EAS/FU 12331 Books
free website counter